| 000 | 01005nac a22002771i 4500 | ||
|---|---|---|---|
| 003 | EG-ScBUE | ||
| 005 | 20230226035611.0 | ||
| 008 | 230226t1951 ohua f b 000 0 eng d | ||
| 035 | _a(OCoLC)521922 | ||
| 040 |
_aEG-ScBUE _beng _erda _cEG-ScBUE _dEG-ScBUE |
||
| 082 | 0 | 4 |
_a739.15 _bBAT _222 |
| 100 | 1 |
_aBates, Kenneth F. _q(Kenneth Francis), _d1904-1994, _eauthor. |
|
| 245 | 1 | 0 |
_aEnameling : _bprinciples and practice / _cby Kenneth F. Bates ; introduction by Laurence Schmechebier. |
| 264 | 1 |
_aCleveland ; _aNew York : _bThe World Publishing Company, _c[1951] |
|
| 264 | 4 | _cc1951 | |
| 300 |
_a208 pages : _billustrations (some color) ; _c25 cm |
||
| 336 |
_2rdacontent _atext _btxt |
||
| 337 |
_2rdamedia _aunmediated _bn |
||
| 338 |
_2rdacarrier _avolume _bnc |
||
| 504 | _aIncludes bibliographical references. | ||
| 650 | 7 |
_aEnamel and enameling. _2BUEsh |
|
| 653 | _bENGARC | ||
| 655 | _vReading book | ||
| 700 | 1 |
_aSchmechebier, Laurence, _eauthor of introduction, etc. |
|
| 942 |
_cBB _2ddc |
||
| 999 |
_c1688 _d1688 |
||